Situation of Women in Tanzania (Record no. 9288)
[ view plain ]
| 000 -LEADER | |
|---|---|
| fixed length control field | 00321nam a2200097Ia 4500 |
| 082 ## - DEWEY DECIMAL CLASSIFICATION NUMBER | |
| Classification number | PAM 331.409678 TAN |
| 100 ## - MAIN ENTRY--PERSONAL NAME | |
| Personal name | Tanzania , United republic. Ministry of Community Development , Culture, Youth and Sports |
| 9 (RLIN) | 2425 |
| 245 ## - TITLE STATEMENT | |
| Title | Situation of Women in Tanzania |
| 260 ## - PUBLICATION, DISTRIBUTION, ETC. | |
| Place of publication, distribution, etc. | Dar es Salaam: |
| Name of publisher, distributor, etc. | The Govt.Printer |
| Date of publication, distribution, etc. | 1988 |
| 942 ## - ADDED ENTRY ELEMENTS (KOHA) | |
| Koha item type | Books |
| Withdrawn status | Lost status | Damaged status | Not for loan | Collection code | Home library | Current library | Shelving location | Date acquired | Total Checkouts | Full call number | Barcode | Date last seen | Price effective from | Koha item type |
|---|---|---|---|---|---|---|---|---|---|---|---|---|---|---|
| Non-fiction | IFM Main Campus Library | IFM Main Campus Library | Archival Collection | 09/10/2021 | PAM 331.409678 TAN | 0000018169 | 05/15/2015 | 02/19/2022 | Books | |||||
| Non-fiction | IFM Main Campus Library | IFM Main Campus Library | Archival Collection | 09/10/2021 | PAM 331.409678 TAN | 0000018168 | 01/25/2016 | 02/19/2022 | Books |
